000 00808nam a22002297a 4500
999 _c20220
_d20220
003 AR-CdUCM
008 190528b ||||| |||| 00| 0 spa d
040 _aMUNICIPALIDAD PROVINCIAL DEL CUSCO
_cBIBLIOTECA MUNICIPAL DEL CUSCO
041 _heng
082 _a621.48 /
_bF43
100 _aFerrara, Grace M.
_942273
245 _aLa energía atómica y la controversia de la seguridad /
260 _aMexico :
_bNOEMA,
_c1982.
300 _a251 páginas ;
_c22 cm.
505 _aContenido: La controversia sobre seguridad -- Amenaza de robo y sabotaje -- Accidentes atómicos y responsabilidad...
650 _aEnergía nuclear
_919264
650 _aIndustria
_94386
650 _aMedidas de seguridad
_920071
700 _aMoreno, Elisa (traductor)
_942274
942 _2ddc
_cLIBROS
945 _aJavier